| Virtuální polytechnická knihovna - Souborný katalog - Úplný záznam dokumentu - MARC |
Uživatel: --- |
-----nas 22-----zu 4500
001 SKVPK0031909
003 CZ-VPK
005 20260424134748.0
008 260424d19581959||||| | ||| || |||||||
040 $aABA013$bcze
222 0$aNuclear energy engineer
245 00$aNuclear energy engineer
260 $aVelká Británie :$bLondon : Princes Press Publ.,,$c1958-1959
650 07$afyzika$xfy$2psh
780 00$tCombustion boiler house and nuclear review
785 00$tNuclear energy$x0029-5485
910 $aABA013$r1958-1959
| čtvrtek 14.05.2026 02:29:37 |
© 2001-2015 Národní technická knihovna |
[Virtuální polytechnická knihovna]
[Servisní centrum]
[Souborný katalog]